Biblioteca

Comentarios de Martín Lutero (Registro nro. 34392)

Detalles MARC
000 -LÍDER
Campo fijo de descripción fija 00776nam a22002417a 4500
001 - NÚMERO DE CONTROL
Campo de control 3757
003 - IDENTIFICADOR DEL NÚMERO DE CONTROL
Campo de control CO-MdFUSB
005 - FECHA Y HORA DE LA ULTIMA TRANSACCIÓN
control field 20180622073140.0
008 - ELEMENTOS DE LONGITUD FIJA -- INFORMACIÓN GENERAL
Campo fijo de descripción fija -- Información general 180313t2000 sp ||||| |||| 00| 0 spa d
020 ## - NÚMERO INTERNACIONAL NORMALIZADO PARA LIBROS
Número Internacional Normalizado del libro 84-8267-136-7
040 ## - FUENTE DE CATALOGACIÓN
Agencia de catalogación original CO-MdFUSB
Idioma de catalogación spa
Agencia que realiza la transcripción CO-MdFUSB
Agencia que realiza la modificación CO-MdFUSBC
Convenciones de la descripción rda
041 0# - CÓDIGO DE IDIOMA
Código de idioma para texto/pista de sonido o título separado spa
082 04 - NÚMERO DE CLASIFICACIÓN DECIMAL DEWEY
Número de clasificación G 227.2 L9731s
100 1# - ASIENTO PRINCIPAL--NOMBRE PERSONAL
Nombre personal Lutero, Martín (1483-1546)
Término relacionador autor
245 10 - TÍTULO
Título del Material Comentarios de Martín Lutero
Parte restante del título - Subtitulo : Selecciones de primera de Corintios
Mención de responsabilidad, etc. / Rosa Roger I Moreno, Traducción
264 #4 - PRODUCCIÓN, PUBLICACIÓN, DISTRIBUCIÓN, MANUFACTURA, Y COPYRIGHT
Lugar de producción, publicación, distribución, manufactura Terrassa, Barcelona, España :
Nombre del productor, publicador, distribuidor CLIE,
Fecha de producción, publicación, distribución, manufactura, o copyright ©2000
300 ## - DESCRIPCIÓN FÍSICA
Extensión 239 Pag
336 ## - TIPO DE CONTENIDO
Fuente rdacontent
Término de tipo de contenido texto
Código de tipo de contenido txt
337 ## - TIPO DE MEDIO
Fuente rdamedia
Nombre del tipo de medio sin mediación
Código del tipo de medio n
338 ## - TIPO DE SOPORTE
Fuente rdacarrier
Nombre del tipo de soporte volumen
Código Tipo de soporte nc
653 ## - TÉRMINO DE INDIZACIÓN - NO CONTROLADO
Término no controlado Biblia N.T. - 1 Corintios - Comentarios
942 ## - TIPO DE MATERIAL (KOHA)
Tipo de Item KOHA Libros General
Existencias
Estado de Material Estado de Perdido Volumen-Parte/Tomo Estado de Dañado No para Préstamo Colección Tomo Biblioteca de Origen Biblioteca Permanente Fecha de Adquisición Total de Préstamos Total de Renovaciones Signatura Topográfica Código de Barras Última vez visto Última vez Préstado Ejemplar/Existencia Fecha de Remplazo Tipo de Material
    4     Colección General   Biblioteca FUSBC Biblioteca FUSBC 02/12/2004 1 2 G 227.2 L9731s 11919 23/08/2024 04/05/2016 1 26/01/2016 Libros General

Biblioteca FUSBC | Teléfono: (57+4) 349 88 10 Ext. 141| WhatsApp (+57) 3005338115 
E-mail: biblioteca@unisbc.edu.co | Calle 76 87-14 Robledo Palenque, Medellín, Colombia

Con tecnología Koha